00430nam a22001097a 4500082002400000110004300024245012200067260006700189300001900256526003700275650000800312 a624bAPPc39, P-188 aAmerican Society Of Civil Engineering. aApplied techniques for cold environmentsbproceeding of the conference vol-IIcAmerican Society Of Civil Engineering. aNew York :bThe Canadian Society for Civil Engineering,c1978. a1167 p. :bill a0b0c0d624_000000000000000_APP aMCE